[Event "I Festival Scacchisti.It A"]
[Site "Acqui"]
[Date "2012.07.27"]
[Round "7"]
[White "Contin, Daniel"]
[Black "Rombaldoni, Denis"]
[Result "1-0"]
[WhiteElo "2346"]
[BlackElo "2529"]
[PlyCount "165"]
[EventDate "2012.07.23"]
[EventType "swiss"]
[EventRounds "9"]
[EventCountry "ITA"]
[SourceDate "2005.09.12"]

1. c4 e6 2. Nf3 d5 3. g3 Nf6 4. Bg2 Be7 5. O-O O-O 6. b3 d4 7. e3 c5 8. exd4
cxd4 9. d3 Nc6 10. Qe2 Nd7 11. Na3 e5 12. Nc2 a5 13. a3 Re8 14. Rb1 f5 15. h4
Bf6 16. Ng5 e4 17. dxe4 h6 18. Qh5 hxg5 19. hxg5 fxe4 20. gxf6 Nxf6 21. Qh4 d3
22. Ne3 Nd4 23. Bb2 Ne2+ 24. Kh2 Ra6 25. Bh3 Bxh3 26. Qxh3 Nh7 27. Qf5 Ng5 28.
Kg2 Rf8 29. Qd5+ Qxd5 30. Nxd5 Nf3 31. Rbd1 Re6 32. Rh1 Rf5 33. b4 a4 34. b5
Rg5 35. Bc1 Rxd5 36. cxd5 Re5 37. Rxd3 exd3 38. Kxf3 Rxd5 39. Ke4 Nc3+ 40. Ke3
Nxb5 41. Rd1 Rc5 42. Bb2 Nd6 43. Kxd3 Rb5 44. Kc2 Nc4 45. Bc1 Rc5 46. Kc3 Ne5+
47. Kd4 b6 48. Ke4 Ng4 49. Kf3 Nf6 50. Bb2 Rf5+ 51. Ke2 Ne4 52. Bd4 Rd5 53. Rd3
b5 54. Ke3 Nd6 55. g4 Kf7 56. f4 g6 57. Rd1 Nc4+ 58. Ke4 Ke6 59. Rh1 Nd6+ 60.
Ke3 Nc4+ 61. Ke4 Nd6+ 62. Ke3 Nc4+ 63. Ke4 Nd2+ 64. Ke3 Nb3 65. Be5 Nc5 66. Rh6
Rd3+ 67. Ke2 Rxa3 68. Rxg6+ Kf7 69. Rg7+ Ke6 70. Rg6+ Kf7 71. Rb6 Ra2+ 72. Ke3
Ra3+ 73. Kd4 Ne6+ 74. Ke4 Rb3 75. Rb7+ Ke8 76. Kf5 Nd8 77. Rc7 a3 78. g5 Rg3
79. g6 b4 80. Bd6 a2 81. Re7+ Kf8 82. Re3+ Kg8 83. Re8+ 1-0

[Event "I Festival Scacchisti.It A"]
[Site "Acqui"]
[Date "2012.07.27"]
[Round "7"]
[White "Laketic, Gojko"]
[Black "Bernal Moro, Luis Javier"]
[Result "1/2-1/2"]
[WhiteElo "2440"]
[BlackElo "2422"]
[PlyCount "33"]
[EventDate "2012.07.23"]
[EventType "swiss"]
[EventRounds "9"]
[EventCountry "ITA"]
[SourceDate "2005.09.12"]

1. d4 Nf6 2. c4 g6 3. Nc3 Bg7 4. e4 d6 5. Nf3 O-O 6. Be2 e5 7. d5 c5 8. a3 Na6
9. Rb1 Qe8 10. b4 Nh5 11. g3 f5 12. Nb5 Qe7 13. Bg5 Bf6 14. Bh6 Bg7 15. Bg5 Bf6
16. Bh6 Bg7 17. Rb2 1/2-1/2

[Event "I Festival Scacchisti.It A"]
[Site "Acqui"]
[Date "2012.07.27"]
[Round "7"]
[White "Ortega, Lexy"]
[Black "Drazic, Sinisa"]
[Result "1-0"]
[WhiteElo "2484"]
[BlackElo "2532"]
[PlyCount "53"]
[EventDate "2012.07.23"]
[EventType "swiss"]
[EventRounds "9"]
[EventCountry "ITA"]
[SourceDate "2005.09.12"]

1. d4 e6 2. Nf3 Nf6 3. e3 c5 4. c4 d5 5. cxd5 exd5 6. Bb5+ Bd7 7. Bxd7+ Nbxd7
8. dxc5 Nxc5 9. O-O Be7 10. Bd2 Nce4 11. Bc3 Nxc3 12. Nxc3 O-O 13. Qb3 Qa5 14.
Rfd1 Rfd8 15. Qxb7 Bd6 16. Qb5 Qc7 17. Nxd5 Nxd5 18. Rxd5 Rab8 19. Qd3 Rxb2 20.
Rd1 Rbb8 21. Ne5 g6 22. h4 Be7 23. h5 Bh4 24. Nd7 Rb2 25. Qd4 Bxf2+ 26. Kh1
Rdb8 27. h6 1-0

[Event "I Festival Scacchisti.It A"]
[Site "Acqui"]
[Date "2012.07.27"]
[Round "7"]
[White "Sanchez, Joseph"]
[Black "Collutiis, Duilio"]
[Result "1/2-1/2"]
[WhiteElo "2541"]
[BlackElo "2508"]
[PlyCount "76"]
[EventDate "2012.07.23"]
[EventType "swiss"]
[EventRounds "9"]
[EventCountry "ITA"]
[SourceDate "2005.09.12"]

1. e4 e5 2. Nf3 Nc6 3. d4 exd4 4. Nxd4 Bb4+ 5. c3 Bc5 6. Be3 Bb6 7. Nf5 Bxe3 8.
Nxe3 d6 9. c4 Nf6 10. Nc3 O-O 11. Qd2 Nd7 12. O-O-O Nc5 13. h4 f5 14. exf5 Bxf5
15. Nxf5 Rxf5 16. f4 a5 17. g3 a4 18. Nd5 Rf8 19. h5 h6 20. Kb1 a3 21. b3 Ne7
22. Nc3 Kh8 23. g4 Qe8 24. Bg2 Qf7 25. Rhf1 Nc6 26. Nd5 Rfe8 27. f5 Na5 28. f6
c6 29. Nf4 Kg8 30. Ng6 Ra6 31. Qxd6 Naxb3 32. Ne5 Rb6 33. axb3 Nxb3 34. Nxf7
Nd4+ 35. Kc1 Ne2+ 36. Kc2 Rb2+ 37. Kd3 Rb3+ 38. Kd2 Rb2+ 1/2-1/2

[Event "I Festival Scacchisti.It A"]
[Site "Acqui"]
[Date "2012.07.28"]
[Round "8"]
[White "Bernal Moro, Luis Javier"]
[Black "Drazic, Sinisa"]
[Result "0-1"]
[WhiteElo "2422"]
[BlackElo "2532"]
[PlyCount "138"]
[EventDate "2012.07.23"]
[EventType "swiss"]
[EventRounds "9"]
[EventCountry "ITA"]
[SourceDate "2005.09.12"]

1. Nf3 Nf6 2. c4 c5 3. Nc3 e6 4. e4 Nc6 5. Be2 a6 6. O-O Qc7 7. d4 cxd4 8. Nxd4
Be7 9. Be3 O-O 10. Rc1 Nxd4 11. Qxd4 d6 12. Rfd1 Nd7 13. b4 b6 14. Na4 Rb8 15.
f3 Qc6 16. Nc3 Rd8 17. a3 h6 18. Qd2 Nf8 19. Kh1 Qc7 20. f4 Bb7 21. Bd3 Ba8 22.
Rf1 Bf6 23. Ne2 Qe7 24. Ng3 Bh4 25. f5 Nh7 26. Nh5 exf5 27. exf5 Nf6 28. Nxg7
Kxg7 29. Bxh6+ Kh8 30. Bg5 Rg8 31. Bxh4 Rxg2 32. Qxg2 Bxg2+ 33. Kxg2 Rg8+ 34.
Bg3 Qe3 35. Bb1 Ne4 36. Bxe4 Qxe4+ 37. Kg1 Qe3+ 38. Kh1 Qxa3 39. Bxd6 f6 40. c5
Qxb4 41. Rf4 Qb3 42. Rh4+ Kg7 43. Rg1+ Kf7 44. Rh7+ Ke8 45. Re7+ Kd8 46. Rxg8+
Qxg8 47. Re6 bxc5 48. Bxc5 Kd7 49. Bf2 a5 50. Rxf6 Qa2 51. Kg2 Ke7 52. Ra6 Qd5+
53. Kg1 Qxf5 54. h3 Qb1+ 55. Kh2 Qb2 56. Kg1 Qb1+ 57. Kh2 Qc2 58. Kg1 Qd1+ 59.
Kg2 Qd5+ 60. Kg1 a4 61. Ra7+ Ke6 62. Kh2 Qd6+ 63. Kg2 a3 64. Kg1 Qd1+ 65. Kh2
Qd3 66. h4 Qf3 67. Kg1 Qb3 68. Kh2 Qb2 69. Kg3 Ke5 0-1

[Event "I Festival Scacchisti.It A"]
[Site "Acqui"]
[Date "2012.07.28"]
[Round "8"]
[White "Collutiis, Duilio"]
[Black "Kachiani-Gersinska, Ketino"]
[Result "1-0"]
[WhiteElo "2508"]
[BlackElo "2357"]
[PlyCount "79"]
[EventDate "2012.07.23"]
[EventType "swiss"]
[EventRounds "9"]
[EventCountry "ITA"]
[SourceDate "2005.09.12"]

1. g3 d5 2. Nf3 Nf6 3. Bg2 e6 4. O-O Be7 5. c4 O-O 6. b3 a5 7. Nc3 c6 8. d4 Ne4
9. Bb2 Nxc3 10. Bxc3 Nd7 11. Qc2 b5 12. Rfd1 Ba6 13. c5 b4 14. Be1 Bb5 15. a4
Ba6 16. e4 Qc7 17. Bd2 dxe4 18. Qxe4 Nf6 19. Qe5 Qb7 20. Bg5 h6 21. Bxf6 Bxf6
22. Qe3 Qc7 23. Rd2 Rad8 24. Rad1 Rd5 25. h4 Rfd8 26. Nh2 h5 27. Bxd5 exd5 28.
Qf3 Re8 29. Qxh5 Re4 30. Ng4 Bc8 31. Nxf6+ gxf6 32. Qh6 Qe7 33. f3 Re3 34. Kf2
Rxb3 35. Qf4 Kg7 36. Re1 Qd7 37. g4 Ra3 38. Rde2 Rxa4 39. Re7 Ra2+ 40. Kg3 1-0

[Event "I Festival Scacchisti.It A"]
[Site "Acqui"]
[Date "2012.07.28"]
[Round "8"]
[White "Contin, Daniel"]
[Black "Laketic, Gojko"]
[Result "1-0"]
[WhiteElo "2346"]
[BlackElo "2440"]
[PlyCount "89"]
[EventDate "2012.07.23"]
[EventType "swiss"]
[EventRounds "9"]
[EventCountry "ITA"]
[SourceDate "2005.09.12"]

1. e4 e5 2. Nf3 Nc6 3. Bb5 a6 4. Ba4 Nf6 5. Qe2 d6 6. c4 Bd7 7. Nc3 g6 8. Bxc6
bxc6 9. d4 exd4 10. Nxd4 Qe7 11. Bg5 h6 12. Bh4 Bg7 13. O-O g5 14. Bg3 Nh5 15.
Qd3 O-O 16. Rae1 Rae8 17. Re2 Qf6 18. Rd2 Nf4 19. Bxf4 Qxf4 20. c5 Be5 21. g3
Qf6 22. f4 Bxd4+ 23. Qxd4 Qxd4+ 24. Rxd4 Bh3 25. cxd6 Bxf1 26. d7 Rb8 27. Kxf1
Rfd8 28. b4 Kf8 29. Na4 Rb5 30. Nc5 a5 31. a3 axb4 32. axb4 Ke7 33. e5 gxf4 34.
gxf4 f6 35. exf6+ Kxf6 36. Kf2 Kf5 37. Kf3 h5 38. Ke3 Rbb8 39. Re4 Kg4 40. Nd3
Rb5 41. h3+ Kg3 42. Re7 h4 43. Rg7+ Kxh3 44. Kf3 Kh2 45. Rg2+ 1-0

[Event "I Festival Scacchisti.It A"]
[Site "Acqui"]
[Date "2012.07.28"]
[Round "8"]
[White "Ortega, Lexy"]
[Black "Sanchez, Joseph"]
[Result "0-1"]
[WhiteElo "2484"]
[BlackElo "2541"]
[PlyCount "89"]
[EventDate "2012.07.23"]
[EventType "swiss"]
[EventRounds "9"]
[EventCountry "ITA"]
[SourceDate "2005.09.12"]

1. d4 Nf6 2. Nf3 d5 3. c4 c6 4. Nc3 dxc4 5. a4 Bf5 6. Nh4 Bd7 7. e4 e6 8. Bxc4
Nxe4 9. Nxe4 Qxh4 10. Bd3 Bb4+ 11. Bd2 Bxd2+ 12. Qxd2 O-O 13. O-O f5 14. Ng5
Qxd4 15. Nxh7 Re8 16. Rfd1 c5 17. Ng5 Bxa4 18. Rxa4 Qxa4 19. b3 Qd4 20. Qe1 Nc6
21. Bc4 Qe5 22. Nxe6 Qxe1+ 23. Rxe1 Kh7 24. h4 g6 25. Rd1 Rxe6 26. Bxe6 Re8 27.
Bf7 Re7 28. Bd5 Nd4 29. Rd3 Rd7 30. Bc4 a6 31. Kf1 b5 32. Be6 Rd8 33. Re3 Nc2
34. Rc3 Nd4 35. Re3 Kg7 36. g4 f4 37. Re4 Re8 38. Bd5 Rxe4 39. Bxe4 Nxb3 40.
Ke2 c4 41. Kf3 a5 42. Kxf4 Nd2 43. Bc2 a4 44. Ke3 a3 45. Kd4 0-1

[Event "I Festival Scacchisti.It A"]
[Site "Acqui"]
[Date "2012.07.28"]
[Round "8"]
[White "Sedina, Elena"]
[Black "Tratar, Marko"]
[Result "0-1"]
[WhiteElo "2338"]
[BlackElo "2495"]
[PlyCount "114"]
[EventDate "2012.07.23"]
[EventType "swiss"]
[EventRounds "9"]
[EventCountry "ITA"]
[SourceDate "2005.09.12"]

1. e4 e6 2. d4 d5 3. e5 c5 4. c3 Nc6 5. Nf3 Bd7 6. Be2 Rc8 7. O-O a6 8. Kh1 h6
9. a3 Qb6 10. b4 cxd4 11. cxd4 Na7 12. Bd2 Bb5 13. Nc3 Bc4 14. Bxc4 Rxc4 15.
Na4 Qc6 16. Be3 Nb5 17. Nd2 Nc3 18. Nxc3 Rxc3 19. Nb3 b6 20. Rc1 Rc4 21. Rb1
Ne7 22. Qd3 Qc8 23. Rfc1 Nf5 24. Rxc4 dxc4 25. Rc1 b5 26. Qe4 Ne7 27. Nc5 Nd5
28. Qg4 g6 29. h4 Bxc5 30. dxc5 Qc7 31. Qe4 Kf8 32. h5 gxh5 33. f4 Rg8 34. Bd2
Ne7 35. Qa8+ Qc8 36. Qxc8+ Nxc8 37. a4 Ne7 38. axb5 axb5 39. Rc3 Nc6 40. Ra3
Ke7 41. Ra6 Kd7 42. Kg1 Kc7 43. Rb6 Rb8 44. Rxb8 Nxb8 45. Kf2 Kc6 46. Bc3 Kd5
47. Ke3 h4 48. Be1 Nc6 49. Bc3 Ne7 50. Kf3 Kc6 51. Ke4 Nd5 52. Be1 c3 53. Kd3
Nxb4+ 54. Kxc3 Nd5+ 55. Kd4 Nxf4 56. Bxh4 Nxg2 57. Bg3 h5 0-1

[Event "I Festival Scacchisti.It A"]
[Site "Acqui"]
[Date "2012.07.29"]
[Round "9"]
[White "Aghayev, Miragha"]
[Black "Ortega, Lexy"]
[Result "0-1"]
[WhiteElo "2185"]
[BlackElo "2484"]
[PlyCount "44"]
[EventDate "2012.07.23"]
[EventType "swiss"]
[EventRounds "9"]
[EventCountry "ITA"]
[SourceDate "2005.09.12"]

1. e4 e5 2. Nf3 Nc6 3. d4 exd4 4. Nxd4 Nf6 5. Nxc6 bxc6 6. e5 Qe7 7. Qe2 Nd5 8.
c4 Nb6 9. Nc3 a5 10. Qe4 g6 11. Bd3 Bg7 12. f4 O-O 13. O-O Ba6 14. b3 d5 15.
Qe2 f6 16. cxd5 Bxd3 17. Qxd3 fxe5 18. fxe5 Rxf1+ 19. Kxf1 Qxe5 20. Bd2 Rf8+
21. Kg1 Nxd5 22. Rc1 Qd4+ 0-1

[Event "I Festival Scacchisti.It A"]
[Site "Acqui"]
[Date "2012.07.29"]
[Round "9"]
[White "Drazic, Sinisa"]
[Black "Collutiis, Duilio"]
[Result "0-1"]
[WhiteElo "2532"]
[BlackElo "2508"]
[PlyCount "110"]
[EventDate "2012.07.23"]
[EventType "swiss"]
[EventRounds "9"]
[EventCountry "ITA"]
[SourceDate "2005.09.12"]

1. d4 Nf6 2. Bg5 Ne4 3. Bf4 c5 4. dxc5 Qa5+ 5. Nd2 e5 6. Be3 Nxc5 7. c3 Qc7 8.
Ngf3 Ne6 9. g3 Be7 10. Bg2 O-O 11. Qb3 Rd8 12. c4 Nc6 13. g4 Rb8 14. a4 d6 15.
h3 Ncd4 16. Bxd4 exd4 17. O-O Bd7 18. e3 Nc5 19. Qc2 dxe3 20. fxe3 a5 21. Nd4
Bg5 22. N2f3 Bxe3+ 23. Kh1 Re8 24. Nb5 Bxb5 25. cxb5 Rbc8 26. Nh4 g6 27. Bd5
Ne6 28. Qb3 Bg5 29. Ng2 Nd8 30. Rf2 Qd7 31. Raf1 Re7 32. Rf3 Rc5 33. b6 Bh6 34.
Kg1 Bg7 35. Kh1 Bxb2 36. Bxb7 Qxb7 37. Qxb2 Rce5 38. Qd4 Ne6 39. Qxd6 Ng5 40.
Rc3 Ne4 41. Qd8+ Kg7 42. Rd3 Ng3+ 43. Rxg3 Rd5 44. Qxe7 Qxe7 45. Rb3 Qb7 46.
Kg1 Rd4 47. Rc1 Rxa4 48. Rc7 Qd5 49. Rcc3 Ra1+ 50. Kf2 Ra2+ 51. Ke3 Rxg2 52. b7
Rg3+ 53. Ke2 Qg2+ 54. Kd1 Qf1+ 55. Kd2 Qf2+ 0-1

[Event "I Festival Scacchisti.It A"]
[Site "Acqui"]
[Date "2012.07.29"]
[Round "9"]
[White "Laketic, Gojko"]
[Black "Bentivegna, Francesco"]
[Result "1-0"]
[WhiteElo "2440"]
[BlackElo "2299"]
[PlyCount "65"]
[EventDate "2012.07.23"]
[EventType "swiss"]
[EventRounds "9"]
[EventCountry "ITA"]
[SourceDate "2005.09.12"]

1. d4 d5 2. c4 dxc4 3. e3 e5 4. Bxc4 Nc6 5. d5 Nce7 6. Nc3 a6 7. e4 Ng6 8. Nf3
Nf6 9. g3 Bd6 10. a3 O-O 11. h4 h6 12. Be2 Re8 13. Qc2 Ne7 14. O-O c6 15. dxc6
Nxc6 16. Rd1 Qe7 17. Be3 Be6 18. Nd5 Bxd5 19. exd5 Nd4 20. Bxd4 exd4 21. Nxd4
Bxg3 22. fxg3 Qe3+ 23. Kg2 Nxd5 24. Bf3 Rad8 25. Nf5 Qe5 26. Re1 Rc8 27. Qb1
Nf4+ 28. gxf4 Qxf4 29. Ne7+ Rxe7 30. Rxe7 Qxh4 31. Qe4 Qg5+ 32. Kf1 Qb5+ 33.
Qe2 1-0

[Event "I Festival Scacchisti.It A"]
[Site "Acqui"]
[Date "2012.07.29"]
[Round "9"]
[White "Sanchez, Joseph"]
[Black "Contin, Daniel"]
[Result "1-0"]
[WhiteElo "2541"]
[BlackElo "2346"]
[PlyCount "99"]
[EventDate "2012.07.23"]
[EventType "swiss"]
[EventRounds "9"]
[EventCountry "ITA"]
[SourceDate "2005.09.12"]

1. e4 e6 2. d4 d5 3. Nc3 Nc6 4. Nf3 Bb4 5. Bd3 Nf6 6. e5 Ne4 7. Bd2 Nxd2 8.
Qxd2 f6 9. Bb5 Bd7 10. exf6 gxf6 11. O-O Qe7 12. Rfe1 O-O 13. a3 Bxc3 14. Qxc3
Rae8 15. Re3 Qd6 16. Rae1 Kh8 17. Bxc6 Bxc6 18. Nh4 Rg8 19. g3 Bd7 20. Ng2 b6
21. f4 c5 22. dxc5 Qe7 23. cxb6 Rc8 24. Qd2 Qc5 25. c3 Qxb6 26. Nh4 Rc4 27. Qf2
e5 28. Ng2 d4 29. cxd4 exd4 30. Re7 Bg4 31. f5 Qc5 32. b4 Qxf5 33. Qxf5 Bxf5
34. Nh4 Bc2 35. Rd7 Ba4 36. Rxa7 d3 37. Nf3 Bc6 38. Ree7 Be4 39. Nd2 Rc1+ 40.
Kf2 Bg6 41. b5 Rh1 42. Nf1 Rc8 43. Rac7 Rd8 44. Rcd7 Rc8 45. Kg2 Rxf1 46. Kxf1
Bf5 47. Rd5 Bh3+ 48. Ke1 Rc1+ 49. Kd2 Rc8 50. b6 1-0

[Event "I Festival Scacchisti.It A"]
[Site "Acqui"]
[Date "2012.07.29"]
[Round "9"]
[White "Tratar, Marko"]
[Black "Rombaldoni, Denis"]
[Result "1-0"]
[WhiteElo "2495"]
[BlackElo "2529"]
[PlyCount "123"]
[EventDate "2012.07.23"]
[EventType "swiss"]
[EventRounds "9"]
[EventCountry "ITA"]
[SourceDate "2005.09.12"]

1. Nf3 Nf6 2. c4 d6 3. d4 Nbd7 4. Nc3 e5 5. e4 g6 6. Be2 Bg7 7. O-O O-O 8. Be3
Re8 9. d5 Nh5 10. g3 Bf8 11. Ne1 Ng7 12. Nd3 f5 13. f3 Be7 14. Qd2 a5 15. b3 h5
16. Kg2 Nf6 17. h3 b6 18. Rh1 Nh7 19. Raf1 g5 20. exf5 Bxf5 21. Nf2 Rf8 22. g4
Bg6 23. Bd3 Bxd3 24. Qxd3 Qe8 25. Nb5 Bd8 26. Ne4 Kh8 27. Kf2 h4 28. Kg2 Qe7
29. Re1 Ne8 30. Rhf1 Qg7 31. Qd2 Rg8 32. Rf2 Nef6 33. Nbc3 Nd7 34. a3 Ndf8 35.
b4 axb4 36. axb4 Ng6 37. Nb5 Qd7 38. Ree2 Be7 39. Qd3 Ra4 40. Ra2 Rxb4 41. Ra7
Rxb5 42. cxb5 Bd8 43. Qc4 Rf8 44. Kh2 Qe8 45. Qc6 Qxc6 46. bxc6 Ne7 47. Nc3 Kg7
48. Kg2 Kg6 49. Rd2 Nf6 50. Rb7 Kh6 51. Rb8 Re8 52. Ne4 Nfxd5 53. Bxg5+ Kg6 54.
Bxe7 Nxe7 55. Nxd6 Rg8 56. Nb7 Nxc6 57. Rc8 Rf8 58. Nxd8 Nd4 59. Nc6 Rxc8 60.
Ne7+ Kf6 61. Nxc8 b5 62. f4 1-0

[Event "IV Festival Isola Verde A"]
[Site "Ischia"]
[Date "2012.07.22"]
[Round "1"]
[White "Caputi, Nicola"]
[Black "Kutirov, Rolando"]
[Result "0-1"]
[WhiteElo "2029"]
[BlackElo "2324"]
[PlyCount "96"]
[EventDate "2012.07.22"]
[EventCountry "ITA"]
[SourceDate "2005.09.12"]

1. c4 c6 2. g3 d5 3. Bg2 Nf6 4. Nf3 e6 5. O-O Be7 6. d3 O-O 7. b3 b6 8. Bb2 Bb7
9. Nbd2 c5 10. Qc2 Nc6 11. a3 Qc7 12. e4 dxe4 13. dxe4 e5 14. Nh4 g6 15. Rfe1
Rad8 16. Nf1 Nd4 17. Bxd4 cxd4 18. Nd2 a5 19. Qb2 Nd7 20. Nhf3 Nc5 21. Bf1 f5
22. exf5 Rxf5 23. b4 Na4 24. Qb3 Nc3 25. c5+ Bd5 26. Bc4 bxc5 27. bxa5 Kg7 28.
Bxd5 Rxd5 29. Qb6 Bd8 30. Qxc7+ Bxc7 31. Nh4 Rf6 32. Nc4 e4 33. Ng2 g5 34. a4
Ra6 35. f3 Bxa5 36. fxe4 Rd8 37. e5 Bb4 38. a5 d3 39. Nge3 Ne2+ 40. Kg2 Bxe1
41. Rxe1 Kg6 42. Rd1 Nc3 43. Rd2 Ne4 44. Rd1 Rd4 45. Kf1 Ra8 46. Ra1 d2 47. Nb2
Nc3 48. a6 Re4 0-1

[Event "IV Festival Isola Verde A"]
[Site "Ischia"]
[Date "2012.07.22"]
[Round "1"]
[White "Chiang, Michael"]
[Black "Meijers, Viesturs"]
[Result "0-1"]
[WhiteElo "2144"]
[BlackElo "2485"]
[PlyCount "54"]
[EventDate "2012.07.22"]
[EventCountry "ITA"]
[SourceDate "2005.09.12"]

1. e4 c5 2. Nf3 e6 3. b3 a6 4. Bb2 b5 5. a4 bxa4 6. Rxa4 Bb7 7. Bd3 Nc6 8. O-O
Nb4 9. Qe2 Nxd3 10. Qxd3 Ne7 11. Nc3 Ng6 12. Qe3 Be7 13. d4 cxd4 14. Qxd4 f6
15. Nd2 Qc7 16. Nc4 Bc5 17. Qd2 Bc6 18. Raa1 O-O 19. Na5 Bb5 20. Nxb5 axb5 21.
b4 Bb6 22. Nb3 Rxa1 23. Rxa1 Rc8 24. Bd4 Bxd4 25. Nxd4 Qe5 26. Qe3 Nf4 27. h4
Qxd4 0-1

[Event "IV Festival Isola Verde A"]
[Site "Ischia"]
[Date "2012.07.22"]
[Round "1"]
[White "Fredericia, Louise"]
[Black "Kizov, Atanas"]
[Result "0-1"]
[WhiteElo "2081"]
[BlackElo "2418"]
[PlyCount "130"]
[EventDate "2012.07.22"]
[EventCountry "ITA"]
[SourceDate "2005.09.12"]

1. c4 Nf6 2. g3 g6 3. Bg2 Bg7 4. Nc3 O-O 5. e4 c5 6. Nge2 Nc6 7. O-O Ne8 8. d3
Nc7 9. Be3 Ne6 10. f4 Ned4 11. f5 d6 12. g4 e6 13. Qd2 exf5 14. gxf5 gxf5 15.
Ng3 Kh8 16. exf5 Be5 17. Nce4 f6 18. Rf2 Bd7 19. Raf1 Qe7 20. Bh3 Rg8 21. Kh1
Nd8 22. Nh5 Nf7 23. Bf4 Bc6 24. Bg2 Raf8 25. Nhg3 Rg4 26. b4 b6 27. b5 Bb7 28.
Nc3 Bxg2+ 29. Rxg2 Rfg8 30. Nd5 Qf8 31. Rff2 Bxf4 32. Rxf4 Ne5 33. Rxg4 Rxg4
34. Ne4 Ndf3 35. Qf2 Qh6 36. Rxg4 Nxg4 37. Qb2 Nfxh2 38. Nexf6 Nf3+ 39. Nh5+
Kg8 40. Ndf4 Qg5 41. Qg2 Qh4+ 42. Nh3 Qxh5 43. Qxf3 Qxh3+ 44. Qxh3 Nf2+ 45. Kg2
Nxh3 46. Kxh3 Kf7 47. Kg4 Kf6 48. Kf4 h6 49. a3 Kg7 50. Kg4 Kf7 51. Kf4 Kf6 52.
a4 h5 53. Ke4 Kg5 54. Kd5 Kxf5 55. Kxd6 h4 56. Kc7 h3 57. Kb7 h2 58. Kxa7 h1=Q
59. Kxb6 Qa8 60. Kxc5 Qxa4 61. b6 Qd7 62. d4 Ke4 63. d5 Ke5 64. Kb4 Kd6 65. Ka5
Kc5 0-1

[Event "IV Festival Isola Verde A"]
[Site "Ischia"]
[Date "2012.07.22"]
[Round "1"]
[White "Horvath, Csaba"]
[Black "Auletta, Angelo"]
[Result "1-0"]
[WhiteElo "2507"]
[BlackElo "2203"]
[PlyCount "61"]
[EventDate "2012.07.22"]
[EventCountry "ITA"]
[SourceDate "2005.09.12"]

1. d4 Nf6 2. c4 g6 3. Nc3 d5 4. Nf3 Bg7 5. Qb3 dxc4 6. Qxc4 O-O 7. e4 Nfd7 8.
Be3 c5 9. dxc5 Nc6 10. Rd1 Qa5 11. Be2 Nde5 12. Nxe5 Nxe5 13. Qb5 Qxb5 14. Nxb5
f5 15. f4 Ng4 16. Bxg4 fxg4 17. b4 g3 18. hxg3 Bg4 19. Rb1 Rfd8 20. Kf2 Rd7 21.
Rhc1 a5 22. a3 axb4 23. Rxb4 Rd3 24. Rc2 Bd7 25. a4 Bc6 26. Rd2 Rxd2+ 27. Bxd2
e5 28. Be3 Bf8 29. fxe5 Kf7 30. e6+ Kxe6 31. Nc7+ 1-0

[Event "IV Festival Isola Verde A"]
[Site "Ischia"]
[Date "2012.07.22"]
[Round "1"]
[White "Hristodorescu, Daniel"]
[Black "Frank-Nielsen, Marie"]
[Result "1-0"]
[WhiteElo "2229"]
[BlackElo "1983"]
[PlyCount "87"]
[EventDate "2012.07.22"]
[EventCountry "ITA"]
[SourceDate "2005.09.12"]

1. e4 c5 2. Nf3 Nc6 3. Bb5 d6 4. Bxc6+ bxc6 5. O-O e5 6. Re1 Nf6 7. c3 Be7 8.
d4 Qc7 9. dxe5 dxe5 10. Qa4 O-O 11. Nbd2 Bg4 12. h3 Bxf3 13. Nxf3 Rfd8 14. Be3
Nd7 15. Nd2 Nb6 16. Qa6 Qc8 17. Qe2 Rb8 18. a4 Qe6 19. Reb1 Qg6 20. a5 Nc8 21.
f3 Bg5 22. Nc4 Bxe3+ 23. Qxe3 Qe6 24. Rd1 Ne7 25. Qxc5 Ng6 26. Ne3 h5 27. b4
Nf4 28. Nf5 Rxd1+ 29. Rxd1 Qa2 30. Qf2 Ne2+ 31. Kf1 Nxc3 32. Qxa2 Nxa2 33. Ne7+
Kh7 34. Nxc6 Rb7 35. Rd2 Nc3 36. Rd3 Na2 37. Ra3 Nc1 38. Ke1 Rd7 39. Nxe5 Rd4
40. b5 f6 41. Nc6 Nd3+ 42. Ke2 Nc1+ 43. Ke3 Rd7 44. a6 1-0

[Event "IV Festival Isola Verde A"]
[Site "Ischia"]
[Date "2012.07.22"]
[Round "1"]
[White "Matthiesen, Arne"]
[Black "Groh, Jiri"]
[Result "1-0"]
[WhiteElo "2336"]
[BlackElo "2054"]
[PlyCount "109"]
[EventDate "2012.07.22"]
[EventCountry "ITA"]
[SourceDate "2005.09.12"]

1. d4 d5 2. c4 e6 3. Nc3 Nf6 4. cxd5 exd5 5. Bg5 Be7 6. e3 O-O 7. Bd3 h6 8. Bh4
b6 9. Nf3 Bb7 10. O-O Ne4 11. Bxe7 Qxe7 12. Qb3 Nxc3 13. Qxc3 c5 14. dxc5 bxc5
15. Rac1 Nd7 16. Bf5 Rfc8 17. Rfd1 Rc7 18. Bxd7 Qxd7 19. b4 Rac8 20. bxc5 Qa4
21. Qd4 Qxa2 22. Ra1 Qb3 23. Nd2 Qc2 24. Rdc1 Qf5 25. Rxa7 Bc6 26. Rxc7 Rxc7
27. Nf3 f6 28. Qd2 Be8 29. Nd4 Qe5 30. Qa5 Rc8 31. h3 Kh7 32. c6 f5 33. Qa6 Bd7
34. Rd1 Be6 35. Qd3 h5 36. Rb1 g6 37. f4 Qd6 38. Rb7+ Kh6 39. Qc3 Rg8 40. Qb4
Qxb4 41. Rxb4 Bc8 42. Rb5 Ba6 43. Rxd5 Rb8 44. Rc5 Rb1+ 45. Kf2 h4 46. g3 Rh1
47. gxh4 Kh5 48. c7 Bc8 49. Rd5 Rxh3 50. Rd8 Ba6 51. c8=Q Bxc8 52. Rxc8 Kg4 53.
Rg8 Kh5 54. Nf3 g5 55. Rxg5+ 1-0

[Event "IV Festival Isola Verde A"]
[Site "Ischia"]
[Date "2012.07.22"]
[Round "1"]
[White "Todorov, Todor"]
[Black "Melich, Jindrich"]
[Result "1-0"]
[WhiteElo "2469"]
[BlackElo "2104"]
[PlyCount "35"]
[EventDate "2012.07.22"]
[EventCountry "ITA"]
[SourceDate "2005.09.12"]

1. e4 d6 2. d4 Nf6 3. Nc3 g6 4. Bg5 h6 5. Be3 Bg7 6. h3 c6 7. Qd2 b5 8. Bd3 a6
9. Nf3 Qc7 10. a4 Bb7 11. e5 Nfd7 12. exd6 Qxd6 13. O-O Nf6 14. Bf4 Qd8 15.
Rfe1 g5 16. Be5 Nbd7 17. Bd6 e6 18. Rxe6+ 1-0

[Event "IV Festival Isola Verde A"]
[Site "Ischia"]
[Date "2012.07.23"]
[Round "2"]
[White "Auletta, Angelo"]
[Black "Caputi, Nicola"]
[Result "1-0"]
[WhiteElo "2203"]
[BlackElo "2029"]
[PlyCount "24"]
[EventDate "2012.07.22"]
[EventCountry "ITA"]
[SourceDate "2005.09.12"]

1. e4 c5 2. Nf3 Nc6 3. d4 cxd4 4. Nxd4 e6 5. Nc3 Qc7 6. Nxc6 bxc6 7. Bd3 d5 8.
O-O Nf6 9. Re1 Be7 10. e5 Nd7 11. Qg4 g6 12. Bf4 Rb8 1-0

[Event "IV Festival Isola Verde A"]
[Site "Ischia"]
[Date "2012.07.23"]
[Round "2"]
[White "Calabrese, Claudio"]
[Black "Todorov, Todor"]
[Result "0-1"]
[WhiteElo "1936"]
[BlackElo "2469"]
[PlyCount "58"]
[EventDate "2012.07.22"]
[EventCountry "ITA"]
[SourceDate "2005.09.12"]

1. c4 d6 2. Nc3 g6 3. g3 Bg7 4. Bg2 Nf6 5. d3 e5 6. e4 Nc6 7. Nge2 Nd7 8. Be3
Nc5 9. O-O h5 10. h4 Ne6 11. Qd2 Ncd4 12. Rae1 c6 13. b4 a5 14. b5 a4 15. Rb1
Qa5 16. bxc6 bxc6 17. Qb2 Nc5 18. Rfd1 Bg4 19. f4 O-O 20. Bf2 Nxe2+ 21. Nxe2
exf4 22. Bd4 Bxd4+ 23. Nxd4 Bxd1 24. Rxd1 Ne6 25. Nxe6 fxe6 26. Bh3 Qa7+ 27.
Kh1 fxg3 28. Bxe6+ Kh7 29. d4 Qe7 0-1

[Event "IV Festival Isola Verde A"]
[Site "Ischia"]
[Date "2012.07.23"]
[Round "2"]
[White "Dragojlovic, Andjelko"]
[Black "Fredericia, Louise"]
[Result "1-0"]
[WhiteElo "2367"]
[BlackElo "2081"]
[PlyCount "103"]
[EventDate "2012.07.22"]
[EventCountry "ITA"]
[SourceDate "2005.09.12"]

1. e4 c5 2. Nf3 Nc6 3. d3 g6 4. g3 Bg7 5. Bg2 e6 6. O-O Nge7 7. Re1 O-O 8. e5
d6 9. exd6 Nf5 10. Nc3 Nxd6 11. Bg5 Qb6 12. Rb1 h6 13. Bf4 Nd4 14. Nd2 N6f5 15.
Na4 Qb5 16. c3 Nc6 17. Ne4 e5 18. c4 Qa5 19. Bd2 Qc7 20. Naxc5 b6 21. Nb3 Rd8
22. Nc3 Be6 23. Nd5 Qd7 24. Bc3 Rac8 25. Qe2 Nfe7 26. Nxe7+ Qxe7 27. Rbd1 Qc7
28. Nd2 Nd4 29. Bxd4 Rxd4 30. Nf3 Rd7 31. Nxe5 Bxe5 32. Qxe5 Qxe5 33. Rxe5 Bg4
34. Rde1 Rxd3 35. Bd5 Rc7 36. Kg2 Rd2 37. Re7 Rxe7 38. Rxe7 a5 39. b3 b5 40.
Rb7 bxc4 41. Bxf7+ Kf8 42. Bxc4 Rxa2 43. Rf7+ Ke8 44. Ra7 Ra3 45. Bf7+ Kd8 46.
Bxg6 Rxb3 47. Be4 Rb5 48. h3 Bd1 49. g4 a4 50. Bc6 Rb1 51. Bxa4 Ra1 52. Rd7+
1-0